Súčasná zahraničná a hospodárska politika Rakúskej republiky diplomová práca

Na minha lista:
Detalhes bibliográficos
Autor principal: Gebrlínová, Bianca
Autor Corporativo: Fakulta medzinárodných vzťahov EU. Katedra medzinárodných politických vzťahov
Outros Autores: Csányi, Peter, 1978-
Formato: Livro
Idioma:eslovaco
Publicado em: Bratislava 2025
Tags: Adicionar Tag
Sem tags, seja o primeiro a adicionar uma tag!

MARC

LEADER 00000nbm a2200000 4500
001 0309577
005 20260123101520.0
041 0 |a slo 
044 |a SK 
245 1 0 |a Súčasná zahraničná a hospodárska politika Rakúskej republiky  |b diplomová práca  |c Bianca Gebrlínová ; školiteľ: Peter Csányi 
264 1 |a Bratislava  |c 2025 
300 |a 87 s. 
100 1 |a Gebrlínová, Bianca 
700 1 |a Csányi, Peter, 1978- 
710 2 |a Fakulta medzinárodných vzťahov EU. Katedra medzinárodných politických vzťahov